Laboratórium pre automatický zber údajov - hodnotenie dopadov znečisťovania ovzdušia
Oddelenie environmentálneho monitoringu, jeho zámery a ciele v oblasti výskumu znečisťovania ovzdušia z cestnej dopravy. Sledovanie celkového spádu tuhých častíc a prašnosti. Sledovanie klimatických pomerov a intenzity dopravy. Modelovanie znečisťovania ovzdušia.
Saved in:
| Main Author: | |
|---|---|
| Format: | Book Chapter |
| Language: | Slovak |
| Subjects: | |
| Tags: |
No Tags, Be the first to tag this record!
|
MARC
| LEADER | 00000naa a2200000 4500 | ||
|---|---|---|---|
| 001 | 0157363 | ||
| 005 | 20231018105813.6 | ||
| 041 | 0 | |a slo | |
| 044 | |a SK | ||
| 245 | 1 | 0 | |a Laboratórium pre automatický zber údajov - hodnotenie dopadov znečisťovania ovzdušia |c Daniela Ďurčanská |
| 520 | |a Oddelenie environmentálneho monitoringu, jeho zámery a ciele v oblasti výskumu znečisťovania ovzdušia z cestnej dopravy. Sledovanie celkového spádu tuhých častíc a prašnosti. Sledovanie klimatických pomerov a intenzity dopravy. Modelovanie znečisťovania ovzdušia. | ||
| 610 | 2 | 0 | |a doprava cestná |
| 610 | 2 | 0 | |a prostredie životné |
| 610 | 2 | 0 | |a imisie |
| 610 | 2 | 0 | |a znečistenie ovzdušia |
| 610 | 2 | 0 | |a emisie |
| 100 | 1 | |a Ďurčanská, Daniela | |